| 000 | 00678cam a2200205 4500 | ||
|---|---|---|---|
| 001 | WB3732-48 | ||
| 008 | 010830n2001 000 0 eng u | ||
| 035 | _a(Sirsi) u114392 | ||
| 245 | _aHelp for new entrants to farm business | ||
| 260 | _c2001 | ||
| 490 |
_aEstates Gazette _v(0134) 25 August 2001, 34(1) |
||
| 520 | _aLloyds TSB Agriculture has published a "Newcomers' Guide" to help investors who have not previously owned or farmed land to understand the farming and landowning business. | ||
| 590 | _aWB | ||
| 650 | _aLLOYDS TSB | ||
| 650 | _aFARMING | ||
| 650 | _aLANDOWNERSHIP | ||
| 650 | _aGUIDANCE | ||
| 690 | _aRURAL-FARM BUSINESS MANAGEMENT | ||
| 942 | _n0 | ||
| 999 |
_c68125 _d68125 |
||